Contrato de mediacin̤ o corretaje y estatuto agente de la propiedad inmobiliaria

Detalles Bibliográficos
Autor principal: Cremades Garca̕, Purificacin̤
Formato: Desconocido
Lenguaje:español
Publicado: Madrid : Dykinson, 2009
Materias:
Acceso en línea:Acceso restringido

MARC

LEADER 00000ny a22000003n 4500
005 20110622143448.0
008 100105s2010 sp 0 0 spa d
020 |a 9788498497564 
035 |a 4999 
040 |a BUS  |d vLex 
041 0 |a spa 
043 |a Espaą 
080 |a 347.451(460) 
090 |c 1018  |d 1018 
100 1 |a Cremades Garca̕, Purificacin̤ 
245 1 0 |a Contrato de mediacin̤ o corretaje y estatuto agente de la propiedad inmobiliaria  |h [Recurso electrn̤ico]  |c Purificacin̤ Cremades Garca̕ 
256 |a Servicio en ln̕ea 
260 |a Madrid :  |b Dykinson,  |c 2009 
300 |a 380 p. ;  |c 24 cm 
500 |a Incluye formularios 
504 |a Bibliogr.  
506 1 |a Contenido solo disponible en los productos indicados  |d vLex Global  |d vLex Global (Academic Edition, excluding Law Schools)  |d vLex Global (U.S. Academic Edition, Law Schools)  |d vLex Global (U.S. Academic Edition, excluding Law Schools)  |d vLex Global (Academic Edition, Law Schools) 
650 0 7 |a Agentes de la propiedad inmobiliaria  |2 Tesauro vLex 
650 0 7 |a Contrato de mediacin̤ o corretaje  |2 Tesauro vLex 
650 0 7 |a Inmobiliario y registral  |2 Tesauro vLex 
650 0 7 |a Bien inmueble  |2 Tesauro vLex 
740 0 |a vLex Libros (Servicios en ln̕ea) 
856 4 0 |u http://vlex.com/source/4999  |z Acceso restringido 
942 |c BOOK